Thế giới nghệ thuật tiểu thuyết Gia đình bé mọn của Dạ Ngân

Hành trình sáng tạo nghệ thuật của Dạ Ngân. Hình tượng nhân vật phụ nữ và những bi kịch cuộc đời. Các phương thức nghệ thuật trong tiểu thuyết Gia đình bé mọn của Dạ Ngân.

Zapisane w:
Opis bibliograficzny
1. autor: Vũ Thị Hải H
Kolejni autorzy: Ngô Minh Hiền T.S (Hướng dẫn)
Format: Książka
Język:Vietnamese
Wydane: Đà Nẵng Đại học Sư phạm, Đại học Đà Nẵng 2012
Hasła przedmiotowe:
Etykiety: Dodaj etykietę
Nie ma etykietki, Dołącz pierwszą etykiete!
Thư viện lưu trữ: Mạng thư viện Đại học Đà Nẵng
LEADER 01746nam a2200349 4500
001 000016934
003 13344
005 20130111150131.0
008 130111s2012 viesd
041 0 |a vie 
082 |a 895.9223  |b VU-H 
100 1 |a Vũ Thị Hải Hà 
245 0 |a Thế giới nghệ thuật tiểu thuyết Gia đình bé mọn của Dạ Ngân  |c Vũ Thị Hải Hà  |k Khóa luận tốt nghiệp 
260 |a Đà Nẵng  |b Đại học Sư phạm, Đại học Đà Nẵng  |c 2012 
300 |a 53 tr., phụ lục 5 tr.  |c 29 cm.  |e Đĩa CD, tài liệu tóm tắt 
500 |a Khóa luận tốt nghiệp đại học. Chuyên ngành: Cử nhân văn học 
504 |a Mục lục đầu trang, tài liệu tham khảo tr. 73 - 74, phụ lục [13 tr.] 
520 |a Hành trình sáng tạo nghệ thuật của Dạ Ngân. Hình tượng nhân vật phụ nữ và những bi kịch cuộc đời. Các phương thức nghệ thuật trong tiểu thuyết Gia đình bé mọn của Dạ Ngân. 
600 1 4 |a Dạ Ngân  |d 6/2/1952  |t Gia đình bé Mọn 
650 0 4 |a Tiểu thuyết Việt Nam  |v Khóa luận tốt nghiệp  |x Nghệ thuật 
653 |a Khoa Ngữ văn  |a Tiểu thuyết 
700 |a Ngô Minh Hiền  |c T.S  |e Hướng dẫn 
OWN |a LSP 
AVA |a UDN50  |b LSP  |d 895.9223 VU-H  |e available  |t Error 5001 Not defined in file expand_doc_bib_avail.  |f 1  |g 0  |h N  |i 0  |k 1 
999 |a From the UDN01 
AVA |a UDN50  |b LSP  |d 895.9223 VU-H  |e available  |t Error 5001 Not defined in file expand_doc_bib_avail.  |f 1  |g 0  |h N  |i 0  |k 1 
TYP |a Monograph 
TYP |a Printed language 
980 |a Mạng thư viện Đại học Đà Nẵng